Resveratrol - Panacea 21. storočia?

Bibliographic Details
Main Authors: Mašterová, Irena (Author), Laciková, Ľubica (Author)
Format: Article
Language:Slovak

MARC

LEADER 00000nab a2200000ua 4500
001 vtls010784207
003 SK-MaSNL
005 20260303135732.0
008 230218s2008 xo |||||||||||||||||slo|
035 |a (urnnbn)urn:nbn:sk:snk:ar-a0680y 
035 |a (uuid)d28e358b-7020-4c89-bdad-f10d23d9dcda 
035 |a urn:nbn:sk:snk-ab4wt7 
040 |a SNKBUCL  |b slo  |c SNKBUCL  |e AACR2 
041 0 |a slo 
044 |a xo  |c SK 
100 1 |a Mašterová, Irena  |4 aut  |9 12837 
245 1 0 |a Resveratrol - Panacea 21. storočia?  |c Irena Mašterová, Ľubica Laciková 
700 1 |a Laciková, Ľubica  |4 aut  |9 1115955 
773 0 |t Derma revue : pokožka - vlasy - nechty - zdravie - životný štýl  |g Roč. 6, č. 4 (2008), s. II-III 
954 |a odborná, vedecká literatúra pôvodná (slovenská)  |2 lita 
958 |a OND 
958 |a EUIPO 
958 |a article3 
999 |c 1967513  |d 1969443